LDR 00735nam a2200217 i 4500 001 000000164220 003 CaOOAMICUS 005 20260423115909.0 008 070906s1980 sp u000 u spa u 013 $a141587 020 $a84-7057-273-3 040 $aSeMil$bita 245 10$aIsaias ; Jeremias. 300 $a653 p. 773 0 $tProfetas.$dMadrid : Edicione Cristiandad, 1980.$kNueva Biblia espaƱola$g1$w()18349 850 $aSeMil 852 $aSeMil$W1$xVenegono$y1$m2Z IV 151$j270786$B115500$CSeMilBibl$Z2$F126977 $81 961 $aOmaggio: Tremolada don Pierantonio 996 $6020$a84-7057-273-3$9(OLS)http://semarc/number/150465 996 $6245$aIsaias ; Jeremias$9(OLS)http://semarc/title/234296